000 00603nam 22001933 4500
001 201525
090 _a201525
100 _a20240123d u||y0pory50 ba
200 _aOs nomes
_fGastão Cruz
210 _aLisboa
_cAssírio & alvim
_d1974
215 _a275, [13] p.
_cbrochado
_d21 cm
225 _aCaderno peninsulares ; nova série ; Literatura 8
300 _aContém dedicatória na folha de guarda
606 _923
_aLiteratura Portuguesa
_xPoesia
675 _a821.134.3-1
_vPT
_zpor
700 _93552
_aCruz
_bGastão
_f1941-2022
801 _aPT
_bBMMN
_gRPC
830 _cAna Falardo
_fAna Falardo
990 _cLIVROS